Statistics for Every Michael Bolton song that hit the Billboard hot 100

Click here to take the quiz!

General Stats

  • This quiz has been taken 24 times
  • The average score is 8 of 19

Answer Stats

Peak Chart PositionYearSong% Correct
11990How Am I Supposed To Live Without You
82%
11991When A Man Loves A Woman
73%
31990How Can We Be Lovers
64%
171989Soul Provider
55%
361990Georgia On My Mind
45%
111992To Love Somebody
45%
692011Jack Sparrow
36%
271995Can I Touch You...There?
36%
821983Fools Game
36%
71991Time, Love And Tenderness
36%
71990When I'm Back On My Feet Again
36%
111998(Sittin' On) The Dock Of The Bay
27%
191987That's What Love Is All About
27%
321994Completely
27%
61994Said I Loved You...But I Lied
27%
41991Love Is A Wonderful Thing
27%
791988Wait On Love
27%
121992Missing You Now
27%
241997Go The Distance (From "Hercules")
18%

Score Distribution

Percentile by Number Answered

Percent of People with Each Score

Your Score History

You have not taken this quiz